[Event "Sweden TV Cup"]
[Site "Sweden"]
[Date "1993.??.??"]
[Round "?"]
[White "Ernst, Thomas"]
[Black "Karlsson, Lars"]
[Result "1/2-1/2"]
[WhiteElo "2540"]
[BlackElo "2500"]

1.e4 e6 2.d4 d5 3.Nd2 a6 4.Ngf3 c5 5.exd5 exd5 6.Be2 Nf6 7.O-O Be7 8.dxc5 Bxc5
9.Nb3 Bb6 10.Re1 O-O 11.Bf1 Bg4 12.Be3 Nc6 13.Bxb6 Qxb6 14.Be2 Rfe8 15.Nfd4 Bxe2
16.Rxe2 Rxe2 17.Qxe2 Nxd4 18.Qe3 Nxb3 19.Qxb6 Nxa1 20.c3 Re8 21.g3 h5 22.Qxb7 Re6
23.a4 Nc2 24.Qb3 Ne1 25.Qb8+ Kh7 26.b4 g5 27.Qb7 Kg6 28.f4 g4 29.f5+ Kxf5
30.Qxf7 Nf3+ 31.Kf2 Ne5 32.Qb7 Nd3+ 33.Kf1 Re1+  1/2-1/2

[Event "EU-ch U18"]
[Site "Vejen"]
[Date "1993.??.??"]
[Round "1"]
[White "Roberts, Paul"]
[Black "Antonsen, Mikkel"]
[Result "0-1"]
[WhiteElo "2195"]
[BlackElo "2385"]

1.e4 e6 2.d4 d5 3.Nd2 Be7 4.Ngf3 Nf6 5.Bd3 c5 6.exd5 Nxd5 7.dxc5 Bxc5 8.O-O O-O
9.Ne4 Be7 10.Qe2 Nc6 11.Rd1 Qc7 12.Bc4 Nf4 13.Qe3 e5 14.Bd2 Bg4 15.Bc3 Bb4
16.Rd2 Bxc3 17.Qxc3 Bxf3 18.Qxf3 Nd4 19.Qc3 Rac8 20.Bf1 Qb6 21.Qg3 Rxc2 22.Re1 Rxd2
23.Nxd2 Qxb2  0-1

[Event "EU-ch U18"]
[Site "Vejen"]
[Date "1993.??.??"]
[Round "1"]
[White "Huberty, Marc"]
[Black "Kiriakov, Petr"]
[Result "0-1"]
[WhiteElo "2130"]
[BlackElo "2385"]

1.e4 e6 2.d4 d5 3.Nd2 a6 4.e5 Bd7 5.Ne2 c5 6.c3 Bb5 7.a4 Bxe2 8.Bxe2 cxd4
9.cxd4 Nc6 10.Nf3 Nge7 11.Bd2 Nf5 12.Bc3 Bb4 13.O-O O-O 14.Qb3 Qb6 15.Rfd1 Rac8
16.Bd3 Ba5 17.Qa3 g6 18.Bxf5 exf5 19.Rac1 Bb4 20.Qb3 Rfd8 21.Rc2 Bc5 22.Qxb6 Bxb6
23.Rdc1 h6 24.Kf1 Rd7 25.Bb4 Re8 26.Bc5 Bd8 27.b4 Kg7 28.Ke2 g5 29.Kd3 g4
30.Nd2 Bg5 31.Re1 Re6 32.Nb3 b6 33.b5 axb5 34.axb5 bxc5 35.bxc6 c4+ 36.Ke2 Rxc6
37.Nc5 Ra7 38.Rb1 Be7 39.Nb3 Rb6 40.Nd2 Rxb1 41.Nxb1 Bb4 42.Rb2 Ra4 43.Kd1 f4
44.f3 h5 45.h3 Kg6 46.hxg4 hxg4 47.fxg4 Kg5 48.Ke2 Kxg4 49.Kf2 Kf5 50.Kf3 c3
51.Rc2 Ra1  0-1

[Event "EU-ch U18"]
[Site "Vejen"]
[Date "1993.??.??"]
[Round "6"]
[White "Bauer, Christian"]
[Black "Kiriakov, Petr"]
[Result "0-1"]
[WhiteElo "2485"]
[BlackElo "2385"]

1.e4 e6 2.d4 d5 3.Nd2 a6 4.Ngf3 c5 5.dxc5 Bxc5 6.Bd3 Nf6 7.O-O Nc6 8.a3 b5
9.b4 Be7 10.Bb2 O-O 11.Qe2 Qc7 12.Rfe1 Bb7 13.exd5 Nxd5 14.g3 Rfd8 15.Qe4 g6
16.Qg4 Bf6 17.Bxf6 Nxf6 18.Qh4 Kg7 19.Ne4 Nxe4 20.Bxe4 Rd7 21.Rac1 Rad8 22.c4 Nd4
23.Nxd4 Rxd4 24.cxb5 Qd6 25.bxa6 Ba8 26.a7 f5 27.Bxa8 Rxh4 28.Bb7 Rd4 29.Rc6 Qd7
30.Rcxe6 Qa4 31.Re7+ Kh6 32.Bg2 Rd1  0-1

[Event "Villalba op"]
[Site "Villalba"]
[Date "1993.??.??"]
[Round "4"]
[White "Adla, Diego"]
[Black "Carpintero, Javier"]
[Result "1-0"]
[WhiteElo "2455"]
[BlackElo "2290"]

1.e4 e6 2.d4 d5 3.Nd2 Nc6 4.Ngf3 Nf6 5.e5 Nd7 6.Be2 f6 7.exf6 Qxf6 8.Nf1 Bd6
9.Ne3 O-O 10.O-O Qg6 11.g3 Kh8 12.Nh4 Qf6 13.c3 e5 14.Nxd5 Qf7 15.Ne3 exd4
16.cxd4 Nf6 17.Nf3 Ne4 18.Bd3 Qe7 19.Nd5 Qe6 20.Nc3 Nf6 21.d5 Nxd5 22.Ng5 Qe5
23.Nxh7 Bh3 24.Ng5 Bf5 25.Re1 Bg4 26.Rxe5 Bxd1 27.Rxd5 Nb4  1-0

[Event "Vinkovci"]
[Site "Vinkovci"]
[Date "1993.??.??"]
[Round "7"]
[White "Smuk, Zelimir"]
[Black "Kovacevic, Vlatko"]
[Result "0-1"]
[WhiteElo "2295"]
[BlackElo "2475"]

1.e4 e6 2.d4 d5 3.Nd2 Nc6 4.c3 dxe4 5.Nxe4 Qd5 6.Bd3 e5 7.Qe2 Be6 8.dxe5 Nxe5
9.Bc2 O-O-O 10.Bg5 f6 11.Rd1 Qxa2 12.Rxd8+ Kxd8 13.Nxf6 gxf6 14.Qxe5 Bd6
15.Qd4 Qxb2 16.Bd1 Kc8 17.Ne2 Qb5 18.Bxf6 Nxf6 19.Qxf6 Re8 20.O-O Kb8 21.Qh4 Bc4
22.Nd4 Qe5 23.Nc6+ bxc6  0-1

[Event "Voskresensk2"]
[Site "Voskresensk"]
[Date "1993.??.??"]
[Round "?"]
[White "Blodstein, Arkady"]
[Black "Kiriakov, Petr"]
[Result "0-1"]
[WhiteElo "2370"]
[BlackElo "2385"]

1.e4 e6 2.d4 d5 3.Nd2 a6 4.Ngf3 c5 5.exd5 exd5 6.Be2 Nf6 7.O-O cxd4 8.Re1 Be7
9.Nb3 O-O 10.Nbxd4 Nc6 11.c3 Re8 12.Bg5 h6 13.Bh4 g5 14.Bg3 Ne4 15.Nxc6 bxc6
16.Ne5 Bc5 17.Bf3 Nxg3 18.hxg3 Qf6 19.Nd3 Rxe1+ 20.Qxe1 Bf8 21.Qe8 Qe6 22.Re1 Qxe8
23.Rxe8 Bb7 24.Rxa8 Bxa8 25.Kf1 Bb7 26.Ke2 a5 27.Kd2 a4 28.Bd1 a3 29.b4 Ba6
30.Bb3 Bd6 31.Ne1 c5 32.Nc2 d4 33.Bd5 cxb4 34.Nxb4 Bf1 35.Nd3 dxc3+ 36.Kxc3 h5
37.Kd4 Kg7 38.Ne5 Bc7 39.Nc4 Kf6 40.Ne3 Bb6+ 41.Ke4 Bb5 42.f4 gxf4 43.gxf4 Bc5
44.Kf3 Bd7 45.Ke4 h4 46.Nc4 Bf5+ 47.Kf3 Ke7 48.Ne3 Bb1 49.Bb3 Bxe3 50.Kxe3 f5
51.Kd4 Kd6 52.Bd5 Bc2 53.Kc4 Bd3+ 54.Kc3 Kc5 55.Bb7 Bc4 56.Bc8 Bxa2 57.Bxf5 Bd5
58.Bh3 a2 59.Kb2 Kd4 60.Ka1 Ke4 61.f5 Kf4 62.Kb2 Kg5 63.Ka1 Kf4 64.Kb2 Be4
65.f6 Bd5 66.Bd7 Ke5 67.Bc6 Bf7 68.Ka1 Kxf6 69.Kb2 Ke5 70.Ka1 Bd5 71.Bd7 Kf4
72.Kb2 Kg3 73.Bh3 Bxg2 74.Be6 Bf3 75.Kxa2 Bg4  0-1

[Event "Werfen op"]
[Site "Werfen"]
[Date "1993.??.??"]
[Round "9"]
[White "Korneev, Oleg"]
[Black "Lempert, Igor"]
[Result "1-0"]
[WhiteElo "2475"]
[BlackElo "2455"]

1.e4 e6 2.d4 d5 3.Nd2 Be7 4.Ngf3 Nf6 5.e5 Nfd7 6.c3 c5 7.Be2 Nc6 8.O-O a5
9.a4 O-O 10.Nb3 cxd4 11.cxd4 b6 12.Bd2 Ba6 13.Bxa6 Rxa6 14.Bc3 Ra7 15.Nc1 Qb8
16.Qe2 Qb7 17.Nd2 Qa6 18.Qxa6 Rxa6 19.Nd3 Rb8 20.f4 b5 21.axb5 Rxb5 22.Kf2 a4
23.Rfc1 g6 24.g4 Rb8 25.Ke2 Na7 26.f5 Nb5 27.f6 Bf8 28.g5 Rc8 29.Nf3 a3 30.Bd2 Rc4
31.bxa3 Ra8 32.Ke3 Nxa3 33.Ke2 Rb8 34.Be3 Nb6 35.Nd2 Rxc1 36.Rxc1 Nbc4 37.Nxc4 dxc4
38.Nc5 Rb2+ 39.Kf3 Ra2 40.Rc3 h6 41.h4 hxg5 42.hxg5 Ra1 43.Ke4 Ra2 44.Bc1 Rc2
45.Rxa3 Rxc1 46.Ra8 Re1+ 47.Kf3 c3 48.Nd7 c2 49.Rxf8+ Kh7 50.Rxf7+ Kh8 51.Rf8+ Kh7
52.Rc8 c1=Q 53.Nf8+ Kg8 54.Rxc1 Rxc1 55.Nxg6 Rg1  1-0

[Event "Zagreb zt"]
[Site "Zagreb"]
[Date "1993.??.??"]
[Round "13"]
[White "Psakhis, Lev"]
[Black "Kovacevic, Vlatko"]
[Result "1/2-1/2"]
[WhiteElo "2575"]
[BlackElo "2485"]

1.e4 e6 2.d4 d5 3.Nd2 Nc6 4.Ngf3 Nf6 5.e5 Nd7 6.Bb5 a5 7.O-O Na7 8.Bd3 c5
9.c4 Nc6 10.cxd5 exd5 11.Re1 Be7 12.Nf1  1/2-1/2

[Event "Zaragoza"]
[Site "Zaragoza"]
[Date "1993.??.??"]
[Round "7"]
[White "Aguirre, Pedro J"]
[Black "Carruez Berges, Santiago"]
[Result "1/2-1/2"]
[WhiteElo "2230"]
[BlackElo "2200"]

1.e4 e6 2.d4 d5 3.Nd2 Nc6 4.Ngf3 Nf6 5.e5 Nd7 6.Bb5 Be7 7.O-O O-O 8.c3 f6
9.exf6 Bxf6 10.Re1 Re8 11.Nf1 e5 12.dxe5 Ndxe5 13.Nxe5 Rxe5 14.Bf4 Rxe1 15.Qxe1 Ne7
16.Ng3 c6 17.Ba4 Ng6 18.Be3 Qf8 19.Rd1 Qf7 20.Qe2 Bd7  1/2-1/2

[Event "Alcobendas"]
[Site "Alcobendas"]
[Date "1994.??.??"]
[Round "1"]
[White "Del Rio Angelis, Gabriel"]
[Black "Moreno Sanchis, Jordi Alex"]
[Result "1/2-1/2"]
[WhiteElo "2335"]
[BlackElo "2270"]

1.e4 e6 2.d4 d5 3.Nd2 Nc6 4.Ngf3 Nf6 5.e5 Nd7 6.Be2 f6 7.exf6 Qxf6 8.Nf1 Bd6
9.Bg5 Qf7 10.Ne3 O-O 11.Bh4 Nb6 12.Bg3 Bd7 13.O-O Rae8 14.Ng4 Bxg3 15.hxg3 Qe7
16.Qd2 Bc8 17.Bb5 Nd7 18.Bxc6 bxc6 19.Nge5 Nxe5 20.Nxe5 c5 21.c3 Ba6 22.Rfe1 Rf5
23.g4 Rf6 24.dxc5 Rh6 25.g3 Qxc5 26.g5 Rh5 27.Qf4 Qe7 28.g6 hxg6 29.Nxg6 Qf7
30.Qxf7+ Kxf7 31.Ne5+ Ke7 32.Rad1 Kd6 33.f4 Re7 34.c4 c5 35.Re3 g5 36.f5 d4
37.Nf7+ Rxf7 38.Rxe6+ Kc7 39.Rxa6 Kb7 40.Rg6 g4 41.Rxg4 Rhxf5 42.Rd2 Rf3
43.Kg2 Re3 44.Rg5 d3 45.Kh3 Kc6 46.Rg6+ Kd7 47.Rg5 Kc6 48.Rg4 Rf1 49.Rg5 Rh1+
50.Kg4 Rhe1 51.Kf4 Re4+ 52.Kf5 Re5+ 53.Kg6 R5e3 54.g4 R1e2 55.Rd1 Rg2 56.Rd5 Rxg4+
57.Kf5 Rxc4  1/2-1/2

[Event "Anzio op"]
[Site "Anzio"]
[Date "1994.??.??"]
[Round "?"]
[White "Bellia, Fabrizio"]
[Black "Legky, Nikolay A"]
[Result "1/2-1/2"]
[WhiteElo "2280"]
[BlackElo "2525"]

1.e4 e6 2.d4 d5 3.Nd2 a6 4.exd5 exd5 5.Ngf3 c5 6.Be2 c4 7.O-O Bd6 8.Re1 Ne7
9.Nf1 Bg4 10.Bg5 f6 11.Bh4 O-O 12.Bg3 Bxg3 13.Nxg3 Nbc6 14.h3 Bxf3 15.Bxf3 Qd7
16.Qd2 Rae8 17.Re2 g6 18.Rae1 Kg7 19.Qf4 Rd8 20.c3 Ng8 21.Re3 f5 22.Re6 Kh8
23.Nf1 Nf6 24.R6e2 Ne4 25.Bxe4 fxe4 26.Qh2 Qf5 27.Nd2 Qg5 28.Kh1 Ne7 29.Nf3 Qf6
30.Ne5 Nc6 31.f3 Nxe5 32.dxe5 Qf4 33.fxe4 d4 34.e6 Qf1+ 35.Qg1 Qxg1+ 36.Kxg1 Rfe8
37.cxd4 Rxd4 38.e5 Kg7 39.Re4 Rxe4 40.Rxe4 b5 41.Kf2 Kf8 42.Ke3 Ke7 43.Rd4 Rc8
44.Rd7+ Kxe6 45.Rxh7 Kxe5 46.Re7+ Kd5 47.Kd2 b4 48.Re3 Rf8 49.Ke2 Rf5 50.Rg3 g5
51.Rg4 a5 52.g3 Re5+ 53.Kd2 Rf5  1/2-1/2

[Event "AUT-chT2W 9495"]
[Site "Austria"]
[Date "1994.??.??"]
[Round "?.5"]
[White "Mrsic, Robert"]
[Black "Spiegel, Wilfried"]
[Result "0-1"]
[WhiteElo "1865"]
[BlackElo "1965"]

1.e4 e6 2.d4 d5 3.Nd2 a6 4.exd5 exd5 5.Ngf3 c5 6.dxc5 Bxc5 7.Bd3 Nf6 8.O-O O-O
9.h3 Nc6 10.c3 Re8 11.Nb3 Ba7 12.Bg5 Qd6 13.Re1 Bd7 14.Qd2 Nh5 15.Bh4 Nf4
16.Nbd4 Nxd4 17.Nxd4 Bxd4 18.cxd4 Qh6  0-1

[Event "AUT-chT2W 9495"]
[Site "Austria"]
[Date "1994.??.??"]
[Round "?.5"]
[White "Brugger, Hugo"]
[Black "Hagen, Kurt"]
[Result "0-1"]
[WhiteElo "1915"]
[BlackElo "2100"]

1.e4 e6 2.d4 d5 3.Nd2 a6 4.Ngf3 c5 5.exd5 exd5 6.Be2 Nc6 7.O-O Bd6 8.dxc5 Bxc5
9.Nb3 Ba7 10.Nbd4 Nge7 11.Be3 Bb8 12.Nxc6 bxc6 13.c4 O-O 14.Bc5 Re8 15.Re1 Ng6
16.Qa4 Bd7 17.Bd3 Nf4 18.Rxe8+ Bxe8 19.Bf1 Ne6 20.b4 Bd7 21.Re1 a5 22.g3 Bc7
23.Qc2 axb4 24.Bxb4 c5 25.cxd5 cxb4 26.dxe6 Bxe6 27.Ng5 Qxg5 28.Qxc7 Qd2
29.Qb7 Rd8 30.Qe4 g6 31.Re2 Qc3 32.Qb1 Bg4 33.Re3 Rd1 34.Rxc3 Rxb1 35.Rb3 Rxb3
36.axb3 Be6 37.Bd3 Bxb3 38.Kf1 Kg7 39.Ke1 Kf6 40.Kd2 Ke5 41.Ke3 f5 42.f4+ Kd5
43.h3 Bd1 44.Kd2 Bf3 45.Ke3 Bg2 46.h4 Be4 47.Bb5 b3  0-1

[Event "AUT-ch"]
[Site "Austria"]
[Date "1994.??.??"]
[Round "2"]
[White "Lehner, Oliver"]
[Black "Hinteregger, Arthur"]
[Result "1/2-1/2"]
[WhiteElo "2315"]
[BlackElo "2155"]

1.e4 e6 2.d4 d5 3.Nd2 Nc6 4.Ngf3 Nf6 5.e5 Nd7 6.Bb5 Ncb8 7.O-O Be7 8.Re1 O-O
9.Nf1 b6 10.Ng3 Ba6 11.Ba4 b5 12.Bb3 c5 13.c3 Nc6 14.a3 Bc8 15.Bc2 Rb8 16.Qd3 g6
17.Bh6 Re8 18.Qe3 cxd4 19.cxd4 Bf8 20.Bg5 Be7 21.Qf4 Bxg5 22.Nxg5 f5 23.h4 Nf8
24.Rac1 Qb6 25.Nf3 b4 26.h5 Na5 27.Nh4 Re7 28.Qg5 Rg7 29.hxg6 hxg6 30.Ne2 Bd7
31.Red1 Nh7 32.Qh6 g5 33.Nf3 Nc4 34.Rb1 g4 35.Nh4 Qd8 36.Nf4 Qg5 37.Qxg5 Nxg5
38.Nh5 Rf7 39.Nf6+ Kg7 40.axb4 Rxb4 41.Rd3 Ne4 42.Nh5+ Kh6 43.Nf4 Kg5 44.g3 Rh7
45.Nhg6 Rh6 46.Nf8 Bc8 47.Ra1 a6 48.Rb3 Ncd2 49.Rxb4 Nf3+ 50.Kf1 Rh1+ 51.Ke2 Rxa1
52.N8xe6+ Kh6 53.Rb6 Re1+ 54.Kd3 Bxe6 55.Rxe6+ Kg7 56.Nxd5 Nxf2+ 57.Kc3 Rc1
58.Ne3 Ne4+ 59.Kb4 Nxd4 60.Nxf5+ Nxf5 61.Bxe4 Nxg3 62.Rg6+ Kf7 63.Rxg4 Nxe4
64.Rxe4 Ke6 65.Re2 Ra1 66.Kb3 Ra5 67.Kb4 Rxe5 68.Rxe5+ Kxe5 69.Kc5 Ke4  1/2-1/2

[Event "AUT-chT"]
[Site "?"]
[Date "1994.??.??"]
[Round "?"]
[White "Senoner, Erich2"]
[Black "Hinteregger, Arthur"]
[Result "1-0"]
[WhiteElo "2105"]
[BlackElo "2180"]

1.e4 e6 2.d4 d5 3.Nd2 Nc6 4.Ngf3 Nf6 5.e5 Nd7 6.c4 dxc4 7.Nxc4 Nb6 8.a3 Be7
9.Be2 O-O 10.O-O Nd5 11.Be3 b6 12.Rc1 Bb7 13.Qd3 a5 14.Rfd1 Qd7 15.Qc2 Nb8
16.Bd3 g6 17.Bh6 Rc8 18.h4 Qe8 19.h5 Nd7 20.Qd2 Nf8 21.Ng5 Rd8 22.Ne4 gxh5
23.Bg5 Ng6 24.Bxe7 Qxe7 25.Qh6 Qf8 26.Qg5 Qg7 27.Ne3 Ngf4 28.Nxd5 Qxg5 29.Nxg5 Nxd5
30.Nxh7 Kg7 31.Be4 Rd7 32.f4 Rad8 33.f5 exf5 34.Bxf5 Ne3 35.Bxd7 Nxd1 36.e6 Kg6
37.e7  1-0

[Event "AUT-chT"]
[Site "?"]
[Date "1994.??.??"]
[Round "?"]
[White "Jansa, Vlastimil"]
[Black "Mohr, Georg"]
[Result "1-0"]
[WhiteElo "2500"]
[BlackElo "2450"]

1.e4 e6 2.d4 d5 3.Nd2 Nc6 4.c3 e5 5.exd5 Qxd5 6.Ngf3 exd4 7.Bc4 Qf5 8.Nxd4 Nxd4
9.cxd4 Be6 10.Qa4+ Bd7 11.Qb3 O-O-O 12.O-O Be6 13.Re1 Bxc4 14.Nxc4 f6 15.d5 Bc5
16.Be3 Bxe3 17.Qxe3 Kb8 18.d6 Qd7 19.dxc7+ Qxc7 20.Na3 Qb6 21.Qxb6 axb6 22.Nc4 b5
23.Na5 Rc8 24.Rad1 b6 25.Nb3 Nh6 26.Rd5 Rhe8 27.Rxe8 Rxe8 28.Kf1 Ng4 29.h3 Ne5
30.f4 Nc4 31.Rxb5 Nxb2 32.Rxb6+ Kc7 33.Ra6 f5 34.Ra7+ Kc6 35.Rxg7 Nd3 36.g3 Ra8
37.Nd4+ Kd5 38.Rd7+ Ke4 39.Ne2 Rb8 40.Nc3+ Ke3 41.Re7+ Kf3 42.Rd7 Nc5 43.Rd5 Rc8
44.Ne2 Rc7 45.a4 Ke3 46.a5 Ne4 47.a6 Rc2 48.a7  1-0

[Event "AUT-chT2S 9394"]
[Site "AUT"]
[Date "1994.??.??"]
[Round "?"]
[White "Hoffmann, Erich"]
[Black "Buchegger, J."]
[Result "1/2-1/2"]
[WhiteElo "2090"]
[BlackElo "2015"]

1.e4 e6 2.d4 d5 3.Nd2 Nc6 4.Ngf3 Nf6 5.e5 Nd7 6.c3 f6 7.exf6 Qxf6 8.Bd3 Bd6
9.Nf1 O-O 10.Bg5 Qf7 11.Qc2 Qh5 12.h4 Re8 13.O-O-O Nf8 14.Re1 h6 15.Bd2 e5
16.Ng3 Qf7 17.dxe5 Nxe5 18.Nxe5  1/2-1/2

[Event "EUCup Gr"]
[Site "Baile Herculane"]
[Date "1994.??.??"]
[Round "1"]
[White "Stoica, Valentin"]
[Black "Rausis, Igors"]
[Result "1/2-1/2"]
[WhiteElo "2445"]
[BlackElo "2495"]

1.e4 e6 2.d4 d5 3.Nd2 Be7 4.Ngf3 Nf6 5.Bd3 dxe4 6.Nxe4 Nxe4 7.Bxe4 Nd7 8.O-O Nf6
9.Bd3 O-O 10.Ne5 c5 11.dxc5 Qc7 12.Qe2 Qxc5 13.Bg5 h6 14.Bxf6 Bxf6 15.Qe4 Rd8
16.Rae1 Kf8 17.b3 Rd5 18.Ng4 Bc3 19.Re2 Rg5 20.Ne3 g6 21.Qf3 Kg7  1/2-1/2

[Event "Balatonbereny op"]
[Site "Balatonbereny"]
[Date "1994.??.??"]
[Round "6"]
[White "Sziraki, Tamas"]
[Black "Bogdanov, Valentin"]
[Result "1/2-1/2"]
[WhiteElo "2260"]
[BlackElo "2460"]

1.e4 e6 2.d4 d5 3.Nd2 a6 4.Ngf3 c5 5.exd5 exd5 6.dxc5 Bxc5 7.Nb3 Ba7 8.c4 Nf6
9.cxd5 O-O 10.Be2 Qxd5 11.O-O Qxd1 12.Rxd1 Nc6 13.Bf4 Re8 14.Kf1 Be6 15.Nfd4 Bd5
16.Bf3 Bc4+ 17.Kg1 Nxd4 18.Nxd4 Rad8 19.Nf5 Rxd1+ 20.Rxd1 Bxa2 21.Bxb7 Nd5
22.Bg3 Bb3 23.Rc1 Nb4 24.Rc8 Rxc8 25.Bxc8 a5 26.Be5 Bxf2+ 27.Kf1 f6 28.Bc7 Bc5
29.Bxa5 g6 30.Nh4 Kf7 31.Nf3 Nd3 32.Bc3 Bc4 33.Nd2 Bb5 34.g3 Nxb2+ 35.Ke1 Nd3+
36.Kd1 Nf2+ 37.Kc2 Ba4+ 38.Kc1 Nd3+ 39.Kb1 Bc6 40.Kc2 Nf2 41.Bb2 Ba4+ 42.Kb1 Bd1
43.Bc3 h5 44.Bd7 Ke7 45.Bc8 Bg4 46.Bb7 Bf5+ 47.Ka2 Bd3 48.Kb3 Ng4 49.Be4 Bxe4
50.Nxe4 Bd6 51.h3 Ne5 52.Bxe5 Bxe5 53.g4 f5 54.gxf5 gxf5 55.Nd2  1/2-1/2

[Event "JUG-chT Cup"]
[Site "Becici"]
[Date "1994.??.??"]
[Round "?"]
[White "Marinkovic, Ivan"]
[Black "Drasko, Milan"]
[Result "1/2-1/2"]
[WhiteElo "2445"]
[BlackElo "2545"]

1.e4 e6 2.d4 d5 3.Nd2 Be7 4.Ngf3 Nf6 5.exd5 exd5 6.Bd3 O-O 7.O-O Bg4 8.c3 Nbd7
9.Qb3 Rb8 10.Ne5 Bh5  1/2-1/2

[Event "Belgrade"]
[Site "Belgrade"]
[Date "1994.??.??"]
[Round "1"]
[White "Spasov, Vasil"]
[Black "Drasko, Milan"]
[Result "1/2-1/2"]
[WhiteElo "2525"]
[BlackElo "2520"]

1.e4 e6 2.d4 d5 3.Nd2 Nc6 4.Ngf3 Nf6 5.e5 Nd7 6.c4 Be7 7.Be2 f6 8.exf6 Bxf6
9.O-O O-O 10.Nb3 a5 11.Be3 a4 12.Nbd2 Nb6 13.Rb1 Bd7 14.c5 Nc8 15.Bb5 Nb4
16.Bxd7  1/2-1/2

[Event "Belgrade Trako"]
[Site "Belgrade"]
[Date "1994.??.??"]
[Round "10"]
[White "Istratescu, Andrei"]
[Black "Certic, Branimir"]
[Result "1-0"]
[WhiteElo "2505"]
[BlackElo "2410"]

1.e4 e6 2.d4 d5 3.Nd2 Nc6 4.Ngf3 Nf6 5.e5 Nd7 6.Be2 Be7 7.O-O O-O 8.c3 f6
9.exf6 Nxf6 10.Re1 Bd6 11.Bd3 Qe7 12.Ne5 Bxe5 13.dxe5 Nd7 14.Nf3 Nc5 15.Bc2 Ne4
16.Bxe4 dxe4 17.Rxe4 Bd7 18.Bg5 Qe8 19.Rg4 Kh8 20.Qd2 Rf5 21.Rd1 Nxe5 22.Nxe5 Rxe5
23.Bh6 gxh6 24.Qd4 Qh5 25.h3 c5 26.Qxd7 Rg5 27.Qxb7 Rag8 28.Rd7 Qg6 29.Rxg5 hxg5
30.Qxa7 Qb1+ 31.Kh2  1-0

[Event "Berliner Sommer"]
[Site "Berlin"]
[Date "1994.??.??"]
[Round "?"]
[White "Renner, Christoph"]
[Black "Schulz, Rainer"]
[Result "1-0"]
[WhiteElo "2445"]
[BlackElo "2245"]

1.e4 e6 2.d4 d5 3.Nd2 Nc6 4.Ngf3 Nf6 5.e5 Nd7 6.c3 f5 7.exf6 Nxf6 8.Bb5 Bd6
9.O-O O-O 10.Re1 Bd7 11.Nf1 Qe8 12.Ng3 Bxg3 13.fxg3 Ne4 14.Bf4 Nd6 15.Bd3 h6
16.Qe2 Qh5 17.h3 Rac8 18.Rf1 a6 19.g4 Qe8 20.Bh2 Qe7 21.Rae1 b5 22.Bb1 g5
23.Rf2 b4 24.Ref1 bxc3 25.bxc3 Rb8 26.Bd3 a5 27.Qe3 Nb5 28.Ne5 Nxe5 29.Bxe5 Rxf2
30.Qxf2 Nxc3 31.Qc2 Ne4 32.Bxe4 dxe4 33.Qxe4 Be8 34.Rf6 Qh7 35.Rf8+  1-0

[Event "Bern op"]
[Site "Bern"]
[Date "1994.??.??"]
[Round "5"]
[White "Milov, Leonid"]
[Black "Ambroz, Jan"]
[Result "1/2-1/2"]
[WhiteElo "2510"]
[BlackElo "2420"]

1.e4 e6 2.d4 d5 3.Nd2 Be7 4.c3 c5 5.dxc5 Bxc5 6.Bd3 Nc6 7.Ngf3 Nge7 8.O-O Ng6
9.exd5 exd5 10.Nb3 Be7 11.Nfd4 O-O 12.Nf5 Bf6 13.Qh5 Re8 14.Be3 Nce5 15.Bc2 Nc4
16.Bc1 a5 17.Nbd4 Bxf5 18.Bxf5 Qb6 19.Rb1 a4 20.b3 axb3 21.axb3 Na3 22.Bxa3 Rxa3  1/2-1/2

[Event "Bern op"]
[Site "Bern"]
[Date "1994.??.??"]
[Round "6"]
[White "Wahls, Matthias"]
[Black "Ambroz, Jan"]
[Result "1-0"]
[WhiteElo "2520"]
[BlackElo "2420"]

1.e4 e6 2.d4 d5 3.Nd2 a6 4.Ngf3 c5 5.exd5 exd5 6.Be2 Nf6 7.O-O Nc6 8.Re1 Be6
9.Bd3 Be7 10.dxc5 Bxc5 11.Nb3 Bb6 12.Be3 O-O 13.Qd2 Bg4 14.Bxb6 Qxb6 15.Ne5 a5
16.Qf4 Be6 17.a4 Rfd8 18.Nxc6 bxc6 19.Qd4 Rdb8 20.Rab1 Nd7 21.Qh4 Nf8 22.Qe7 Ra7
23.Qd6 Nd7 24.h3 Qb4 25.Qxc6 Qf4 26.Qc3 Qxa4 27.Nd4 Raa8 28.Nxe6 fxe6 29.Rxe6 Rc8
30.Qd2 Nf6 31.Qg5 Rf8 32.Rxf6  1-0

[Event "Bern op"]
[Site "Bern"]
[Date "1994.??.??"]
[Round "9"]
[White "Milov, Leonid"]
[Black "Bogdanov, Valentin"]
[Result "1-0"]
[WhiteElo "2510"]
[BlackElo "2450"]

1.e4 e6 2.d4 d5 3.Nd2 a6 4.Ngf3 c5 5.exd5 exd5 6.Bd3 c4 7.Be2 Nc6 8.O-O Bd6
9.Re1 Nge7 10.b3 cxb3 11.axb3 O-O 12.c3 Ng6 13.g3 Bf5 14.Ba3 Re8 15.Bxd6 Qxd6
16.b4 Nd8 17.b5 a5 18.c4 b6 19.cxd5 Qxd5 20.Nc4 Rb8 21.Ne3 Qd7 22.d5 Be4
23.Ng5 Nb7 24.Bf1 h6 25.Nxe4 Rxe4 26.Qc2 Ree8 27.Red1 Rbc8 28.Qb2 Nd6 29.Rac1 Rxc1
30.Rxc1 Ne5 31.Be2 Qd8 32.Qa3 Ne4 33.Bd3 Nc5 34.Be2 Ne4 35.Bd3 Ng5 36.Be2 Qd7
37.f4 Ngf3+ 38.Kf2 Nd4 39.fxe5 Nxe2 40.Kxe2 Rxe5 41.Kf2 Qxb5 42.Rc8+ Kh7
43.Qc3  1-0

[Event "Biel"]
[Site "Biel"]
[Date "1994.??.??"]
[Round "4"]
[White "Wahls, Matthias"]
[Black "Landenbergue, Claude"]
[Result "1-0"]
[WhiteElo "2540"]
[BlackElo "2450"]

1.e4 e6 2.d4 d5 3.Nd2 a6 4.Ngf3 c5 5.exd5 exd5 6.Be2 c4 7.O-O Bd6 8.b3 cxb3
9.axb3 Ne7 10.Re1 Nbc6 11.c3 O-O 12.Nf1 Be6 13.Ng3 Qd7 14.Ng5 Bxg3 15.hxg3 Bf5
16.g4 Bg6 17.Bf3 Rfe8 18.Nh3 f6 19.Ra2 Bf7 20.g5 f5 21.Be2 Ng6 22.Rf1 Na7
23.Bd3 Nb5 24.Rc2 Rac8 25.Bb2 Nd6 26.Qc1 b5 27.Qa1 Qc6 28.f3 Ra8 29.Ba3 Re3
30.Rd1 Rae8 31.Bc1 Re1+ 32.Rxe1 Rxe1+ 33.Kf2 Rd1 34.Be2 Rh1 35.Ra2 b4 36.Rxa6 Qc7
37.Ra8+ Be8 38.c4 dxc4 39.bxc4 Nf8 40.c5 Nc8 41.Bf1 Bf7 42.Qa6 Ne7 43.Qd6  1-0

[Event "Biel"]
[Site "Biel"]
[Date "1994.??.??"]
[Round "9"]
[White "Gallagher, Joseph G"]
[Black "Masserey, Yvan"]
[Result "1-0"]
[WhiteElo "2470"]
[BlackElo "2300"]

1.e4 e6 2.d4 d5 3.Nd2 Be7 4.Ngf3 Nf6 5.Bd3 c5 6.e5 Nfd7 7.c3 b6 8.Qe2 cxd4
9.Nxd4 Nc5 10.Bc2 a5 11.Qe3 a4 12.O-O f5 13.exf6 Bxf6 14.N2f3 O-O 15.Bd2 Qe8
16.Ne5 Nbd7 17.f4 g6 18.Ng4 Bg7 19.Rfe1 Nf6 20.Nf2 Bd7 21.b4 axb3 22.axb3 Rxa1
23.Rxa1 Qb8 24.Nf3 Qb7 25.Ne5 Ra8 26.Rxa8+ Qxa8 27.b4 Qa1+ 28.Be1 Nce4 29.Nxd7 Nxd7
30.Nxe4 dxe4 31.Bxe4 e5 32.fxe5 Nxe5 33.h3 Qd1 34.Kf1 Qd6 35.Qd2 Qc7 36.Kg1 h5
37.Bf2 b5 38.Bd4 Qd6 39.Qe2 Qd7 40.Qf2 Qe6 41.Qh4 Bf6 42.Bd5 Bxh4 43.Bxe6+ Nf7
44.c4 bxc4 45.Bxc4 Kf8 46.Bd3  1-0

[Event "Biel op"]
[Site "Biel"]
[Date "1994.??.??"]
[Round "10"]
[White "Liss, Eran"]
[Black "Zorman, Vojko"]
[Result "1-0"]
[WhiteElo "2480"]
[BlackElo "2330"]

1.e4 e6 2.d4 d5 3.Nd2 Nc6 4.Ngf3 g6 5.c3 Bg7 6.Bd3 Nge7 7.O-O O-O 8.e5 Nf5
9.Re1 f6 10.exf6 Qxf6 11.Ne5 Nxe5 12.dxe5 Qe7 13.Nf1 c5 14.Ne3 b6 15.Ng4 Bb7
16.Bxf5 exf5 17.Nh6+ Kh8 18.e6 Rae8 19.Bf4 Bxh6 20.Bxh6 Rg8 21.Qe2 Qd6 22.h4 g5
23.Bxg5 Rg6 24.Qf3 Rgxe6 25.Rxe6 Qxe6 26.Kh2 h6 27.Qh5 Kh7 28.Re1 Qd6+ 29.g3 Rg8
30.Qf7+ Rg7 31.Qxf5+ Qg6 32.Qxg6+ Kxg6 33.Re6+ Kf5 34.Rxh6 Rd7 35.f3 d4 36.cxd4 cxd4
37.Kg2 d3 38.Bd2 Rc7 39.Bc3  1-0

[Event "Bled op"]
[Site "Bled"]
[Date "1994.??.??"]
[Round "?"]
[White "Smole, Albert"]
[Black "Zorman, Vojko"]
[Result "0-1"]
[WhiteElo "2080"]
[BlackElo "2325"]

1.e4 e6 2.d4 d5 3.Nd2 Nc6 4.Ngf3 g6 5.c3 Bg7 6.Bb5 Ne7 7.O-O O-O 8.Re1 f6
9.Qc2 a6 10.Bd3 b6 11.Nf1 Bb7 12.exd5 exd5 13.Bf4 Na5 14.Rab1 Rf7 15.h3 Qd7
16.N1h2 Nc4 17.Ng4 Nd6 18.Bxd6 Qxd6 19.Re2 c5 20.Qd2 g5 21.Rbe1 Bc8 22.Ne3 c4
23.Bc2 Bd7 24.Nf1 Ng6 25.Bxg6 hxg6 26.Ng3 Bf8 27.Nh2 Qf4 28.Qc2 Kg7 29.Re3 Bd6
30.Qe2 Rh8 31.Qf3 Qxf3 32.Nxf3 b5 33.Nh2 a5 34.Nhf1 b4 35.R3e2 Bc6 36.Re6 Rd8
37.Ne3 f5 38.Ngf1 Rf6 39.Rxf6 Kxf6 40.Nd2 Rb8 41.Rb1 a4 42.Kf1 f4 43.Ng4+ Kg7
44.Ke2 Bd7 45.Ne5 Bf5 46.Rc1 a3 47.bxa3 bxc3 48.Rxc3 Rb2 49.g4 Bxe5 50.dxe5 Bd3+
51.Rxd3 cxd3+ 52.Kxd3 Rxa2 53.Ke2 Kf7  0-1

[Event "Bled op"]
[Site "Bled"]
[Date "1994.??.??"]
[Round "?"]
[White "Podlesnik, Bogdan"]
[Black "Sirnik, Bostjan"]
[Result "1-0"]
[WhiteElo "2400"]
[BlackElo "2030"]

1.e4 e6 2.d4 d5 3.Nd2 Nc6 4.Ngf3 Nf6 5.e5 Nd7 6.c3 f6 7.Bb5 Be7 8.O-O fxe5
9.dxe5 O-O 10.Re1 Rf5 11.Bxc6 bxc6 12.Nd4 Rxe5 13.Nxc6 Rxe1+ 14.Qxe1 Qe8
15.Qxe6+ Kf8 16.Nxe7 Qxe7 17.Qxd5 Qe1+ 18.Nf1 Rb8 19.b3 Qxc3 20.Ba3+ c5 21.Rc1 Qf6
22.Bxc5+ Nxc5 23.Qxc5+ Kg8 24.Qxa7  1-0

[Event "Bled op (Women)"]
[Site "Bled"]
[Date "1994.??.??"]
[Round "?"]
[White "Grinfeld, Alla B"]
[Black "Matveeva, Svetlana"]
[Result "1/2-1/2"]
[WhiteElo "2255"]
[BlackElo "2405"]

1.e4 e6 2.d4 d5 3.Nd2 Be7 4.e5 c5 5.Qg4 Kf8 6.Ndf3 Nc6 7.dxc5 Bxc5 8.a3 Qb6
9.Qg3 Nge7 10.Bd3 Nf5 11.Bxf5 exf5 12.Ne2 Be6 13.O-O h6 14.h4 a5 15.Nf4 Ne7
16.Nd3 Qc7 17.Bd2 Bb6 18.Rac1 Kg8 19.Rfe1 Kh7 20.Be3 Bxe3 21.Rxe3 Nc6 22.c3  1/2-1/2